Statistics for First Generation Water-Type Pokemon

Click here to take the quiz!

General Stats

  • This quiz has been taken 9 times
  • The average score is 29 of 32

Answer Stats

Pokemon% Correct
Squirtle
100%
Goldeen
100%
Horsea
100%
Seaking
100%
Wartortle
100%
Cloyster
100%
Shellder
100%
Staryu
100%
Magikarp
100%
Gyarados
100%
Poliwrath
100%
Poliwhirl
100%
Poliwag
100%
Golduck
100%
Psyduck
100%
Blastoise
100%
Seadra
100%
Lapras
83%
Vaporeon
83%
Starmie
83%
Krabby
83%
Kingler
83%
Dewgong
83%
Seel
83%
Tentacruel
83%
Tentacool
83%
Slowbro
67%
Slowpoke
67%
Omanyte
67%
Omastar
67%
Kabuto
67%
Kabutops
67%

Score Distribution

Percentile by Number Answered

Percent of People with Each Score

Your Score History

You have not taken this quiz